How to research / (Record no. 186867)
[ view plain ]
| 000 -LEADER | |
|---|---|
| fixed length control field | 00938 a2200229 4500 |
| 003 - CONTROL NUMBER IDENTIFIER | |
| control field | Nust |
| 005 - DATE AND TIME OF LATEST TRANSACTION | |
| control field | 20220719193307.0 |
| 010 ## - LIBRARY OF CONGRESS CONTROL NUMBER | |
| LC control number | 96004037 |
| 020 ## - INTERNATIONAL STANDARD BOOK NUMBER | |
| International Standard Book Number | 0335194524 (pbk.) |
| 020 ## - INTERNATIONAL STANDARD BOOK NUMBER | |
| International Standard Book Number | 817649089X |
| 040 ## - CATALOGING SOURCE | |
| Transcribing agency | Nust |
| 082 00 - DEWEY DECIMAL CLASSIFICATION NUMBER | |
| Classification number | 001.4,BLA |
| 100 1# - MAIN ENTRY--PERSONAL NAME | |
| Personal name | Blaxter, Loraine, |
| 9 (RLIN) | 93936 |
| 245 10 - TITLE STATEMENT | |
| Title | How to research / |
| Statement of responsibility, etc. | Loraine Blaxter, Christina Hughes and Malcolm Tight. |
| 260 ## - PUBLICATION, DISTRIBUTION, ETC. | |
| Place of publication, distribution, etc. | Buckingham ; |
| -- | Bristol, PA, USA : |
| Name of publisher, distributor, etc. | Open University Press, |
| Date of publication, distribution, etc. | 1999. |
| 300 ## - PHYSICAL DESCRIPTION | |
| Extent | xiii, 263 p. : |
| Other physical details | ill. ; |
| Dimensions | 24 cm. |
| 505 ## - FORMATTED CONTENTS NOTE | |
| Formatted contents note | Thinking about Research (Page-1), Getting Started (Page-21), Thinking about Methods (Page-53), Reading for Research (Page-92), Managing your project (Page-117), Collecting Data (Page-141), Analyzing data (Page-173), Writing Up (Page-207), Finishing off (Page-232). |
| 650 #0 - SUBJECT ADDED ENTRY--TOPICAL TERM | |
| Topical term or geographic name entry element | Research |
| General subdivision | Methodology. |
| 700 1# - ADDED ENTRY--PERSONAL NAME | |
| Personal name | Hughes, Christina, |
| Dates associated with a name | 1952- |
| 9 (RLIN) | 93937 |
| 700 1# - ADDED ENTRY--PERSONAL NAME | |
| Personal name | Tight, Malcolm. |
| 9 (RLIN) | 93938 |
| 942 ## - ADDED ENTRY ELEMENTS (KOHA) | |
| Source of classification or shelving scheme | |
| Koha item type | Book |
| Call number prefix | 001.4,BLA |
| Withdrawn status | Lost status | Source of classification or shelving scheme | Damaged status | Not for loan | Permanent Location | Current Location | Shelving location | Date acquired | Full call number | Barcode | Date last seen | Price effective from | Koha item type | Public note |
|---|---|---|---|---|---|---|---|---|---|---|---|---|---|---|
| Military College of Signals (MCS) | Military College of Signals (MCS) | General Stacks | 12/12/2016 | 001.4,BLA | MCS27751 | 12/08/2016 | 12/12/2016 | Book | Almirah No.1, Shelf No.1 |
